Chế độ nghỉ dưỡng sức của người lao động và chế độ đối với sĩ quan quân đội thôi phục vụ tại ngũ, sĩ quan quân đội chuyển sang chuyên nghiệp
Đã lưu trong:
| 主要作者: | |
|---|---|
| 格式: | 圖書 |
| 語言: | Undetermined |
| 出版: |
Hà Nội
LĐ-XH
2001
|
| 主題: | |
| 標簽: |
添加標簽
沒有標簽, 成為第一個標記此記錄!
|
| Thư viện lưu trữ: | Trung tâm Học liệu Trường Đại học Cần Thơ |
|---|
| LEADER | 00732nam a2200205Ia 4500 | ||
|---|---|---|---|
| 001 | CTU_61964 | ||
| 008 | 210402s9999 xx 000 0 und d | ||
| 020 | |b 15000 | ||
| 082 | |a 353.459 | ||
| 082 | |b B450 | ||
| 100 | |a Bộ LĐ và TBXH | ||
| 245 | 0 | |a Chế độ nghỉ dưỡng sức của người lao động và chế độ đối với sĩ quan quân đội thôi phục vụ tại ngũ, sĩ quan quân đội chuyển sang chuyên nghiệp | |
| 245 | 0 | |c Bộ LĐ và TBXH | |
| 260 | |a Hà Nội | ||
| 260 | |b LĐ-XH | ||
| 260 | |c 2001 | ||
| 650 | |a vietnam | ||
| 650 | |x officials and employees | ||
| 904 | |i Minh | ||
| 980 | |a Trung tâm Học liệu Trường Đại học Cần Thơ | ||